|
|
|
|
| LEADER |
00000nam0a2200000 4500 |
| 001 |
346224 |
| 005 |
20231102005849.0 |
| 035 |
|
|
|a (RuTPU)RU\TPU\book\378104
|
| 035 |
|
|
|a RU\TPU\book\80428
|
| 090 |
|
|
|a 346224
|
| 100 |
|
|
|a 20210723d1981 k y0rusy50 ca
|
| 101 |
0 |
|
|a rus
|
| 102 |
|
|
|a RU
|
| 105 |
|
|
|a y dm 001zy
|
| 200 |
1 |
|
|a Динамика тиристорного электропривода постоянного тока при совместном согласованном управлении
|e автореферат диссертации на соискание ученой степени кандидата технических наук
|e спец. 05.09.03
|f В. Н. Кочнев
|g Томский политехнический институт ; науч. рук. А. А. Янко-Триницкий
|
| 210 |
|
|
|a Томск
|c [Б. и.]
|d 1981
|
| 215 |
|
|
|a 20 с.
|
| 300 |
|
|
|a Защита сост. 8.04.1981 г.
|
| 320 |
|
|
|a Библиогр.: с. 19-20 (6 назв.)
|
| 606 |
1 |
|
|a Электроприводы постоянного тока, регулируемые
|2 stltpush
|3 (RuTPU)RU\TPU\subj\20720
|9 45805
|
| 610 |
1 |
|
|a тиристорные электроприводы
|
| 610 |
1 |
|
|a управление
|
| 610 |
1 |
|
|a динамика
|
| 610 |
1 |
|
|a электромагнитные процессы
|
| 610 |
1 |
|
|a автоматизация
|
| 610 |
1 |
|
|a авторефераты диссертаций
|
| 675 |
|
|
|a 62-83-523(04)
|v 3
|
| 686 |
|
|
|a 05.09.03
|2 oksvnk
|
| 700 |
|
1 |
|a Кочнев
|b В. Н.
|g Валерий Николаевич
|
| 702 |
|
1 |
|a Янко-Триницкий
|b А. А.
|4 727
|
| 712 |
0 |
2 |
|a Томский политехнический институт
|c (1944-1991)
|2 stltpush
|3 (RuTPU)RU\TPU\col\1123
|9 23521
|
| 801 |
|
1 |
|a RU
|b 63413507
|c 20050324
|g PSBO
|
| 801 |
|
2 |
|a RU
|b 63413507
|c 20210723
|g PSBO
|
| 942 |
|
|
|c BK
|